[Event "Match 78__120'/40"]
[Site "Zurich"]
[Date "2024.??.??"]
[Round "49"]
[White "Saitek D+ EGR 10 MHz"]
[Black "Mephisto Polgar sel. 5"]
[Result "0-1"]
[WhiteElo "1992"]
[BlackElo "1991"]
[Annotator "Utzinger,K"]
[PlyCount "103"]
[EventDate "2024.05.22"]
[EventType "match"]
[SourceVersionDate "2024.04.21"]

{[%evp 0,103,19,11,41,11,46,18,2,0,-7,-8,-8,-7,40,2,8,0,0,0,0,0,2,-35,-38,-43,40,40,32,3,3,19,19,19,19,23,24,32,33,28,34,15,10,8,27,27,28,21,8,17,33,21,39,39,53,48,76,76,69,69,104,104,104,57,90,101,101,86,84,-168,60,58,47,-128,-134,-134,-134,-141,-147,-147,-147,-153,-145,-145,-145,-164,-152,-351,-339,-422,-434,-570,-604,-604,-952,-1225,-1315,-1377,-1394,-1333,-1678,-1526,-2087,-2301,-3206,-29979]} 1. e4 e6 {Match 120'/40 | Bediener: Rolf Bühler | 7.10.2024 | 49. Partie: Schwarz (Mephisto Polgar) gewinnt | Zwischenstand: 24,5-24,5 (50%) Ausgleich / hypothetisch: 30-19 (61,2%) für Mephisto Polgar | Eröffnung: Französische Verteidigung, Vorstoss Variante | In dieser kritischen Phase des Matches ergibt sich eine kämpferische wie auch für unsere Oldies schwierige Partie. Und deshalb ein Auf und Ab der gegenseitigen Chancen. Zuerst strauchelt der Mephisto Polgar mit 27...Dd6? in eine verlorene Stellung. Leider, für den Saitek D+, bringt im dann entstandenen Endspiel das Kaplan Programm ein nicht korrektes Qualitätsopfer. Durch seine Verweigerung, dieses "Geschenk" anzunehmen, verpasst der Mephisto Polgar einen Gewinn. So geht die jetzt ausgeglichene Schlacht weiter. Die dramatische Wende ergibt sich mit 39.Sc6?, als der Saitek D+ plötzlich doch noch einen entscheidenden Fehler begeht. Danach kennt das holländische Programm von Ed Schröder keine Gnade mehr und holt sich dank seines Freibauern auf der a-Linie den vollen Punkt und sichert sich mit 24,5-24,5 im letzten Moment noch den Ausgleich in diesem Match. Spannender geht es nicht mehr, muss nun die letzte Partie zeigen, ob es doch noch einen Sieger geben wird.} 2. d4 d5 3. e5 c5 4. c3 Nc6 5. Nf3 Qb6 6. a3 c4 7. g3 f6 {Diese von Französischspezialist Wolfgang Uhlmann gespielte und von Viktor Moskalenko empfohlene gute Fortsetzung wird heute seltener gespielt. Auch den modernen Engines gefällt der Textzug.} 8. exf6 Nxf6 9. Bg2 Bd6 10. O-O O-O 11. Nbd2 {***ENDE BUCH*** Bewertung Stockfish 17: = (-0.03) (50% +3% =93% -4%) Übrigens ist 11.De2 eine gleichwertige Alternative.} e5 {***ENDE BUCH*** Bewertung Stockfish 17: = (0.00) (50% +4% =93% -4%)} 12. dxe5 Nxe5 $6 {Wer diese Variante spielt, der muss wissen, dass man hier mit dem Läufer schlägt, weil ein schliesslich auf e5 auftauchender Springer günstigere Perspektiven verspricht. Gemäss den Engines ist ...Sxe5 gegenüber ...Lxe5 um eine halbe Bauerneinheit schlechter.} (12... Bxe5 13. Qc2 {Rems Sep24-avx2: 1)} Qa5 {eine theoretische Neuerung des SF-Derivats} ({Rems Sep24-avx2: 2)} 13... Bg4 {die übliche Antwort} 14. b3 cxb3 15. Nxb3 Rac8 16. Be3 d4 17. cxd4 Nxd4 18. Qa2 Nxf3+ 19. Bxf3 Qe6 20. Bxb7 Bxa1 21. Bxc8 Rxc8 22. Rxa1 Rc3 23. Nc5 Qxa2 24. Rxa2 Nd5 25. Ne4 Rc4 26. Nd6 Rc6 27. Nb5 Nxe3 28. fxe3 a6 29. Nd4 Rc3 30. Kf2 Kf7 31. Ne2 Rb3 32. a4 Kf6 33. h4 a5 34. Nd4 Rc3 35. Rb2 Ra3 36. e4 Ke5 37. Nc6+ Kxe4 38. Nxa5 {[%eval 7,49] [%wdl 36,943,21]}) 14. Nh4 Be6 15. Ndf3 Ne4 16. Nxe5 Nxe5 17. Be3 Rae8 18. f4 Nd3 19. Bd4 Qd8 20. Nf3 Bf5 21. Nh4 Bd7 22. Nf3 Bf5 {[%eval 0,49] [%wdl 27,945,28]}) 13. Nxe5 Bxe5 14. Nf3 Bg4 15. Qc2 Bd6 16. Be3 $14 Bc5 17. Bxc5 Qxc5 18. Nd4 Rae8 19. Rfe1 b5 {Da Schwarz seine Figuren auf das Zentrum und den Königsflügel ausgerichtet hat, macht dieser Vorstoss wenig Sinn. Er könnte Weiss langfristig dazu animieren, alle Türme zu tauschen, weil er dann wegen der Bauernstruktur die besseren Figuren übrig hätte. Vor allem der weisse Läufer wäre dem gegnerischen Läufer überlegen.} 20. a4 $6 $11 {Spielt nur dem Gegner in die Hände, indem der geringe weisse Vorteil sich in Luft auflöst. Logisch sieht 20.h3 aus, um das Feld g4 zu sichern und den gegnerischen Läufer zu zwingen, sich für eine Diagonale zu entscheiden.} b4 21. Qd2 bxc3 22. bxc3 Bd7 23. Rxe8 Rxe8 24. a5 Ne4 25. Qc2 g6 $6 {Positionell nicht gesund: ein weiterer Bauer steht auf der Farbe des schwarzen Läufers, auch werden die dunklen Felder am Königsflügel geschwächt. Wenn schon ein Bauernzug, dann 25...h6, was solche Probleme vermeidet.} 26. Qc1 a6 $2 {Stellt einen weiteren Bauern auf die Farbe seines Läufers und schwächt das Feld b6. Zu solchen Zügen sagt man: "Spielt auf Selbstmord in Raten". Der Erwartungswert für Weiss springt von += (54%) auf +/- (62%).} 27. Qb2 $16 {+/- (0.77) (62%) Ab jetzt muss Schwarz genau spielen, will er nicht langsam unter die Räder kommen.[#]} Qd6 $2 $16 {[%mdl 2] Die falsche Wahl: +- (2.93) (100%) Depth: 49/92, also verliert der Textzug. Schwarz hätte 27...Lc8 antworten sollen, was den Bauern a6 deckt und Schwarz nicht zwingt, die auf b6 auftauchende weisse Dame zu tauschen.} 28. Bxe4 Rxe4 29. Qb6 Qxb6 {Nun erzwungen, weil die Dame keinen Rückzug hat, mit dem auch der Bauer gedeckt werden kann.} 30. axb6 Bc8 31. Kg2 {Gemäss Stockfish 17 war 31.f4 deutlich stärker. Für unsere Oldies ist die "korrekte" Behandlung dieses Endspiels jedoch unmöglich, so dass in der Folge Ungenauigkeiten (jeweils in Klammer erwähnt) an der Tagesordnung sind.} ({Stockfish 17:} 31. f4 {+- (3.23) (100%) ST 61} Re3 32. Rc1 Re7 33. Rb1 Rb7 34. Nc6 Bf5 35. Rb4 d4 36. Nxd4 a5 37. Rb5 Bd7 38. Rb1 a4 39. Kf2 a3 40. Kf3 h5 41. Ke4 Bg4 42. Kd5 a2 43. Ra1 Rxb6 44. Rxa2 Rb1 45. Kxc4 h4 46. Kd5 h3 47. Ke5 Kg7 48. Nc2 Rb7 49. Ne3 Re7+ 50. Kd4 Bf3 51. Nc4 Re4+ 52. Kd3 Re1 53. Ne3 Kf8 54. c4 Rh1 55. Kd4 Kf7 56. g4 Ke8 57. Rf2 Bb7 58. Re2 Bf3 59. Ra2 Kf7 60. g5 Kf8 61. c5 Ke8 62. f5 gxf5 63. g6 f4 64. Nf5 Bc6 65. g7 Rg1 66. Ke5 f3 67. Kf6 {[%eval 323,61] [%wdl 1000,0,0]}) 31... Kg7 $6 {+- (2.99) (100%)} ({Genauer ist} 31... Bb7 {+- (1.96) (100%)}) 32. Ra5 {Genügt für den Sieg.} ({Genauer ist} 32. f4 {+- (4.29) (100% ) Depth: 45/69}) 32... Bb7 33. Rc5 Kf6 {[#]} 34. Rc6+ $2 $19 {[%mdl 32768] In total gewonnener Stellung bringt der Saitek D+ ein inkorrektes Qualitätsopfer und sollte nun gar selbst verlieren.} Kf7 $2 $18 {Und was macht der Mephisto Polgar: er lehnt das "Geschenk" ab. Man kann davon ausgehen, dass beide Programme ausserstande sind, die Folgen des Qualitätsopfer korrekt zu berechnen und einzuschätzen.} (34... Bxc6 $1 35. Nxc6 Re8 36. Kf3 d4 $3 37. cxd4 c3 38. Nb4 Kf7 39. Nc2 a5 40. b7 a4 41. Kf4 Rb8 42. Ke3 Rxb7 43. Kd3 Rb1 44. Kxc3 Rb3+ 45. Kc4 Rf3 $19 {und gewinnt}) 35. Rc7+ $2 $14 {Mit 35.Tc5 oder 35.Kf1 hätte sich Weiss noch immer die klar besseren Chancen gewahrt.} Re7 {= (0.16) (50%)[#]} 36. Nc6 $2 $19 {[%mdl 32768] Erneut wendet sich das Blatt vollständig zugunsten von Schwarz. Bewertung von Stockfish 17: -+ (-3.68) (0% +0% =0% -100%) Depth: 43/78} (36. Rc5 $1 $11 {wahrt das Gleichgewicht, z.B.} Ke8 37. f4 Rf7 38. Kf3 Rf6 39. Rc7 Rxb6 40. Rxh7 a5 $11) 36... Rxc7 37. bxc7 Ke8 38. Na5 Bc8 39. Nc6 Kd7 40. Nd4 Kxc7 {Damit ist Kampf zugunsten von Schwarz wegen seines Freibauern auf der a-Linie entschieden.} 41. Kf3 (41. Nc2 Bf5 42. Na1 Kb6 43. Kf3 Ka5 44. Ke3 Ka4 45. Kd4 Ka3 46. Kxd5 Bd3 47. g4 Kb2 $19 {und gewinnt}) 41... a5 {Bewertung Stockfish 17: + (-4.66) (0%)} 42. Kf4 Kb6 43. Kg5 {Auch die Jagd auf den Bauern h7 hilft nicht mehr. Mehr Widerstand leistet aber 43.Ke3 usw.} (43. Ke3 Bf5 44. Kd2 a4 45. Kc1 a3 46. g4 Bd3 47. f4 Kc5 48. Ne6+ Kd6 49. Nd4 g5 50. f5 Ke5 51. Nc6+ Kf6 52. Nd4 Be4 53. Nb5 a2 54. Kb2 Bf3 55. Nc7 Bxg4 56. Nxd5+ Kxf5 57. Kxa2 Be2 58. Kb2 h5 59. Kc1 Ke4 60. Ne7 Kf3 $19) 43... Bf5 $5 {Ein interessanter und starker Zug. Tauschen darf Weiss nicht, weil das Bauernendspiel wegen des freien a-Bauern verloren wäre. Der Lf5 nimmt nun aber dem weissen Springer das wichtige Feld c2, so dass der schwarze Freibauer am Damenflügel ungehindert durchmarschieren kann.} 44. g4 Bd3 45. Ne6 a4 46. Nf4 Kc6 47. Kh6 a3 48. Kxh7 a2 49. Nxg6 a1=Q 50. f4 Bxg6+ 51. Kxg6 Qxc3 52. h4 {***AUFGEGEBEN***} 0-1

[Event "Match 78__120'/40"]
[Site "Zurich"]
[Date "2024.??.??"]
[Round "50"]
[White "Mephisto Polgar sel. 5"]
[Black "Saitek D+ EGR 10 MHz"]
[Result "1-0"]
[WhiteElo "1991"]
[BlackElo "1992"]
[Annotator "25,5-24,5 for Mephisto Polgar"]
[PlyCount "88"]
[EventDate "2024.05.22"]
[EventType "match"]
[SourceVersionDate "2024.04.21"]

{[%evp 0,36,19,38,25,16,14,-4,-11,-108,-110,-71,25,9,58,31,53,10,10,25,52,-2,46,50,66,66,35,71,71,-3,66,60,70,17,56,74,75,41,58]} 1. e4 e5 {Match 120'/40 | Bediener: Rolf Bühler | 8.10.2024 | 50. Partie: Weiss (Mephisto Polgar) gewinnt | Endstand: 25,5-24,5 (51%) für Mephisto Polgar sel. 5 / hypothetisch: 31,0-19,0 (62%) für Mephisto Polgar | Eröffnung: Zweispringerspiel 3.Ld3 | In der letzten Matchpartie, teilweise zu schwierig für unsere Oldies, gewinnt der Mephisto Polgar erneut und sichert sich so mit dem knappest möglichen Resultat den Sieg in diesem abwechslungsreichen Wettkampf. Eine seltsame Variante im Zweispringerspiel behandelt Weiss (Polgar) nicht optimal. Das hätte dem Schwarzen (Saitek D+) zum Vorteil gereichen können. Dieser packt jedoch seine Chance nicht und kämpft nach den schlechten Zügen 15...Sa4? und 20...axb4? im weiteren Verlauf der Partie erfolglos um den Ausgleich. Dabei gelingt es dem Mephisto Polgar, seinen Gegner im Endspiel in eine hübsche Zugzwangstellung zu bringen. So kann nur noch der schwarze Turm auf der 8. Reihe Züge ausführen. Das holländische Programm von Ed Schröder zeigt keine Schwächen mehr und spielt den Gegner völlig an die Wand. Ein sehenswerter Abschluss für den Sieger dieses Matches.} 2. Nf3 Nc6 3. Bd3 Nf6 4. Ng5 d5 5. exd5 Na5 6. Bb5+ {***ENDE BUCH*** Bewertung Stockfish 17: = (0.20) (52% +7% =91% -2%) Depth: 42/59 The position is equal} Bd7 7. Qe2 Be7 {***ENDE BUCH*** Bewertung Stockfish 17: = (0.29) (54% +9% =89% -2%) Depth: 46/47 White has an edge} 8. Bxd7+ {Fördert einzig die gegnerische Entwicklung.} Qxd7 9. Nc3 $6 {Ungenau, so dass Schwarz frühzeitig die etwas bessere Stellung erhält. Den Vorzug verdient ...} (9. c4 c6 10. d4 $1 exd4 11. Bd2 O-O $1 12. O-O (12. Bxa5 Bd8 $1 $17) 12... Rfe8 13. Qd3 b6 14. Bxa5 bxa5 15. dxc6 Qxc6 16. Nd2 $11) 9... O-O ({Stärker ist} 9... Nxd5 10. Nxd5 Qxd5 11. Qe4 Qxe4+ 12. Nxe4 Nc6 $15) 10. Nf3 Bb4 $6 (10... Bc5 {gefällt den Engines besser} 11. O-O Rfe8 $11) 11. Nxe5 Qf5 12. O-O {Bringt seinen König gerade noch rechtzeitig in Sicherheit.} Bxc3 $2 $16 {Aus Sicht unserer Oldies die auf der Hand liegende Fortsetzung, um den Bauern d5 zurückzuerobern. Den übermächtigen Engines gefällt dieser Tausch jedoch gar nicht und sie sehen nun Weiss deutlich im Vorteil: +/- (1.23) (86%). Mit komplizierten Varianten wie 12...Tae8 oder 12...c6 und 12...Dxc2 attestieren sie dem Weissen, dass er "nur" besser steht.} (12... Rad8 13. d4 Bxc3 14. bxc3 Nxd5 15. c4 Nf4 16. Bxf4 Qxf4 17. c3 c5 18. Nd3 Qc7 19. Nxc5 Rfe8 20. Qf3 b6 21. Ne4 Nxc4 22. Rfe1 Re6 23. Rad1 Qe7 24. Re2 h6 25. Rde1 Qd7 26. Qd3 Qc6 27. Ng3 Rxe2 28. Rxe2 Nd6 29. Re7 Rc8 30. Ne4 Qb5 31. Qxb5 Nxb5 32. Kf1 Nxc3 33. Nxc3 Rxc3 34. Rxa7 Rc4 35. Ra8+ Kh7 36. Rd8 Rc1+ 37. Ke2 Rc2+ 38. Ke3 Rxa2 39. Rb8 Ra3+ 40. Ke4 Ra2 41. d5 Rxf2 42. d6 Rd2 43. Ke5 g6 44. Rxb6 Kg7 45. Rb4 Kf8 46. Rb8+ Kg7 47. g4 Rd1 48. Rb5 Kf8 49. h3 Ke8 {½-½ (49) Braczko,M (2371)-Krivonosovs,V (2502) ICCF corr 2000}) 13. dxc3 Nxd5 {Nicht zu verkennen ist der Umstand, dass sich Weiss bei ungefährdeter Stellung im Besitz eines Mehrbauern befindet. Dieser ist jedoch ein Doppelbauer, also noch nicht sehr schlimm. Momentan ist Schwarz besser entwickelt, wobei der Sa5 nicht gut steht. Etwas wacklig steht der weisse Se5. Und angesichts von Fesselmotiven mit ...Te8 sollte sich dieser Springer nun zurückziehen. Das bestätigt auch die Engine mit folgender Variante:} 14. c4 $6 $11 {So geht der weisse Vorteil in die Binsen.} ({Rems Sep24-avx2:} 14. Nf3 {+/- (1.11) (81% +62% =38% -0%) Depth: 52/89} Rfe8 15. Qb5 b6 16. Bd2 Ne3 17. Qxf5 Nxf5 18. g4 Ne7 19. Rad1 c5 20. Rfe1 Nac6 21. Nh4 Rad8 22. Ng2 f6 23. f3 Kf7 24. Kf2 Rd7 25. Bc1 Red8 26. Rxd7 Rxd7 27. h4 g6 28. Rh1 Rd8 29. Nf4 Nd5 30. Ne2 h5 31. Rd1 Nde7 32. Rxd8 Nxd8 33. a3 Ne6 34. Ng3 Ng7 35. Bh6 Ne6 36. Bd2 Ng7 37. c4 f5 38. gxh5 Nxh5 39. Ne2 Nc6 {[%eval 111,52] [%wdl 621,379,0]}) 14... Nb6 $2 $16 {Keine optimale Antwort, weil nun Weiss erneut wieder klaren Vorteil erhalten könnte.} (14... Rfe8 $1 15. cxd5 Rxe5 16. Be3 Rxd5 17. Rfd1 Nc6 $11 {ausgeglichen}) 15. c5 $6 {Es geht noch stärker.} (15. b3 Rfe8 16. Bb2 Nc6 17. f4 f6 18. Qd3 $16) {[#]} 15... Na4 $2 {[%mdl 2] Verlustzug ... und wie man sieht gemäss Stockfish 17, ist der Textzug von den besten 5 möglichen Zügen der schlechteste.} ({Stockfish 17:} 15... Nd5 {+/- (0.91) (70%)}) ({Stockfish 17:} 15... Rae8 {+/- (1.00) (75%)}) ({Stockfish 17:} 15... Rfe8 {+/- (1.50) (95%)}) ({Stockfish 17:} 15... Nd7 {+- (1.91) (99%)}) ({Stockfish 17:} 15... Na4 {+- (2.11) (100%)}) 16. b4 $2 {Umgehend revanchiert sich Weiss mit einem Fehler, der statt zum Gewinn nur noch zum Ausgleich genügt. Richtig war 16.f4! mit entscheidendem Vorteil.} (16. f4 Nc6 (16... Nxc5 $2 17. b4 {mit Figurengewinn}) 17. Qc4 Nxe5 18. fxe5 Qd7 19. b3 b5 20. cxb6 Nxb6 21. Qc3 Qe6 22. Bb2 Nd5 23. Qg3 Rad8 24. Rae1 Qb6+ 25. Kh1 Qg6 26. Qf2 Nb4 27. a3 Nc6 (27... Nxc2 $2 28. Re2 $18) 28. h3 {Bewertung Stockfish 17: +- (2.64) (100%), wobei unter Oldies damit der Kampf noch nicht entschieden wäre.}) 16... Rfe8 17. f4 Nc6 18. Qc4 a5 19. Nxc6 bxc6 20. a3 {[#]} axb4 $2 $18 {[%mdl 2] Statt = (0.00) (50%) steht es danach +- (2.02) (100%) Sowohl 20...Df6 als auch 20...Tad8 halten das Gleichgewicht.} 21. axb4 Qg4 22. Ra3 $5 {Die Idee dieses interessanten Manövers durchschaut der Saitek D+ nicht und stürzt sich endgültig ins Elend.} Re2 $2 {Zwar war die schwarze Stellung auch sonst kaum zu halten, aber mit dem Textzug verschlimmert Schwarz seine Lage enorm.} 23. Rg3 Qe6 {erzwungen} (23... Qh5 $4 {scheitert an} 24. Rg5 $18 {und die schwarze Dame muss die Deckung seines Te2 aufgeben.}) 24. Qd4 {Droht Dxg7 Matt} g6 25. Re3 {Es führen bereits mehrere Weg nach Rom.} (25. f5 Qe5 26. Qxe5 Rxe5 27. fxg6 fxg6 28. Ra3 {Droht Lb2 nabst Tfa1 +-} Ree8 29. Bh6 Nb2 30. Rxa8 Rxa8 31. Rf6 Nc4 32. h3 Rc8 33. Rxc6 $18) 25... Rxe3 26. Bxe3 Qd5 27. Qf6 Qe6 28. Bd4 Qxf6 29. Bxf6 Kf8 30. Rd1 $18 {[#] Eine seltene und schöne Zugzwangstellung. Der schwarze Turm ist an die 8. Reihe gebunden, ansonsten Td1-d8 Matt folgt. Es bringt dem schwarzen König auch nichts, wenn er versucht, nach vorerst h7-h5, nach h7 zu fliehen. Der Turm ist weiterhin an die 8. Reihe gebunden, weil sonst Td1-d8 nebst Th8 Matt folgt. Abgesehen davon, dass der weisse Turm auf d7 eindringen kann und der schwarze König den Schutz seines Bauern f7 ebenso wenig aufgeben darf. Ferner hat der schwarze Springer kein freies Feld, wo er nicht geschlagen wird. Somit hat Weiss für seine Gewinnführung völlig freie Hand und Schwarz muss hilflos zuschauen, wie sein Ende naht.} Ke8 (30... h5 31. Rd7 Rc8 32. Kf2 Kg8 33. Ke3 g5 34. f5 Kh7 35. Rxf7+) 31. Kf2 Rb8 32. c4 h6 33. Kf3 h5 34. h4 Ra8 35. f5 $1 {Stark gespielt.} Rc8 36. Kf4 gxf5 37. Kxf5 Rb8 38. g4 $1 {Erzwingt die Schaffung eines Freibauern auf der h-Linie.} hxg4 39. h5 {Weiss hat Mattangriff.} Nb2 {Andere Züge verlieren schneller.} 40. Re1+ ({Einfacher ist} 40. Bxb2 Rd8 (40... f6 41. Bxf6 Kf7 42. h6 $18) 41. Rxd8+ Kxd8 42. h6 $18) 40... Kd7 41. Re7+ Kc8 (41... Kd8 42. b5 Nxc4 43. bxc6 $18) 42. Re8+ Kb7 43. Rxb8+ Kxb8 44. Bxb2 g3 {***AUFGEGEBEN***} 1-0